| 000 | 02887cam a2200337 a 4500 | ||
|---|---|---|---|
| 003 | EG-GiCUC | ||
| 005 | 20250223032151.0 | ||
| 008 | 190120s2018 ua do f m 000 0 eng d | ||
| 040 |
_aEG-GiCUC _beng _cEG-GiCUC |
||
| 041 | 0 | _aeng | |
| 049 | _aDeposite | ||
| 097 | _aPh.D | ||
| 099 | _aCai01.24.03.Ph.D.2018.Am.C | ||
| 100 | 0 | _aAmira Eid Mohammed | |
| 245 | 1 | 0 |
_aComparison between pulsed dye laser and combined pulsed dye laser and Nd :YAG laser in the treatment of inflammatory Acne Vulgaris / _cAmira Eid Mohammed ; Supervised Manal Mohamed Salah Eldin , Nevien Ahmed Samy |
| 246 | 1 | 5 | _aمقارنة بين الليزر الصبغى النبضى و النودميوم ياج مع الليزر الصبغى النبضى فى علاج حب الشباب الملتهب |
| 260 |
_aCairo : _bAmira Eid Mohammed , _c2018 |
||
| 300 |
_a85 P. : _bcharts , photographs ; _c25cm |
||
| 502 | _aThesis (Ph.D.) - Cairo University - National Institute of Laser Enhanced Science - Department of Laser Applications in Medical and Biological | ||
| 520 | _aBackground : Both pulsed dye laser (PDL) and combined 585/1,064- nm (sequential dual-wave-length PDL and Nd:YAG) laser improves inflammatory skin disorders including acne vulgaris. Objective: To compare the efficacy of 585 nm pulsed dye laser versus its sequential combination with pulsed Nd:YAG laser 1064 nm (sequential dual-wave-length PDL and Nd:YAG) in the treatment of acne vulgaris. Patients and method: Thirty patients complaining of moderate or severe acne were treated with a single pass of PDL alone on half of the face and a single pass of combined 585/1064-nm laser on the other half for four treatment sessions at 2 weeks interval. Patients were followed up monthly for 3 months after the final treatment. They were assessed by the count and severity of the acne lesions & digital camera photographs. Results: The study showed that inflammatory acne lesions count was significantly reduced by 82.5% (p0.0001) on PDL-treated sides and by 83.5% (p0.00001) on combined 585/1,064-nm side 8 weeks after treatment start & 88.6% and 88.4%, respectively 12 weeks after treatment start, while reduction of non-inflammatory acne lesions was observed at 8 weeks by 58.4%, 71.5% respectively & after 12 weeks by 65.2%, 77.4% respectively. Although a difference was observed between the two treatment modalities on reduction of acne lesions, but it was not statistically significant. Grade of acne severity also showed significant reduction by both modalities | ||
| 530 | _aIssued also as CD | ||
| 653 | 4 | _aAcne vulgaris | |
| 653 | 4 | _aCombined PDL / Nd:YAG nm laser | |
| 653 | 4 | _aPDL / Nd | |
| 700 | 0 |
_aManal Mohamed Salah Eldin , _eSupervisor |
|
| 700 | 0 |
_aNevien Ahmed Samy , _eSupervisor |
|
| 856 | _uhttp://172.23.153.220/th.pdf | ||
| 905 |
_aEnas _eCataloger |
||
| 905 |
_aNazla _eRevisor |
||
| 942 |
_2ddc _cTH |
||
| 999 |
_c69660 _d69660 |
||